Scam: (Record no. 216417)
[ view plain ]
| 000 -LEADER | |
|---|---|
| fixed length control field | 00884nam a22002417a 4500 |
| 005 - DATE AND TIME OF LATEST TRANSACTION | |
| control field | 20210928162517.0 |
| 008 - FIXED-LENGTH DATA ELEMENTS--GENERAL INFORMATION | |
| fixed length control field | 210928b ||||| |||| 00| 0 eng d |
| 020 ## - INTERNATIONAL STANDARD BOOK NUMBER | |
| International Standard Book Number | 8185944105 |
| 040 ## - CATALOGING SOURCE | |
| Transcribing agency | AL |
| 041 ## - LANGUAGE CODE | |
| Language code of text/sound track or separate title | eng |
| 082 ## - DEWEY DECIMAL CLASSIFICATION NUMBER | |
| Edition number | 23 |
| Classification number | 364.168 |
| Item number | BASS |
| 100 ## - MAIN ENTRY--PERSONAL NAME | |
| Personal name | Debashis Basu; Sucheta Dalal |
| 9 (RLIN) | 485 |
| 245 ## - TITLE STATEMENT | |
| Title | Scam: |
| Remainder of title | Who won, who lost, who got away |
| 260 ## - PUBLICATION, DISTRIBUTION, ETC. | |
| Place of publication, distribution, etc. | New Delhi |
| Name of publisher, distributor, etc. | UBS Publishers Distributors Ltd |
| Date of publication, distribution, etc. | 1993 |
| 300 ## - PHYSICAL DESCRIPTION | |
| Extent | xxi,294p. |
| Other physical details | HB |
| Dimensions | 22x14cm. |
| 365 ## - TRADE PRICE | |
| Price amount | 250 |
| Currency code | ₹ |
| Unit of pricing | 250 |
| Price effective from | 2013/03/24 |
| 500 ## - GENERAL NOTE | |
| General note | General |
| 520 ## - SUMMARY, ETC. | |
| Summary, etc. | An attempt to analyze the events of the alleged scandal which took place in the Indian stock market during 1992. |
| Uniform Resource Identifier | <a href="https://www.ebooknetworking.net/ebooks/the-scam-who-won-who-lost-who-got-away-sucheta.html">https://www.ebooknetworking.net/ebooks/the-scam-who-won-who-lost-who-got-away-sucheta.html</a> |
| 650 ## - SUBJECT ADDED ENTRY--TOPICAL TERM | |
| Topical term or geographic name entry element | Stock Exchange |
| 9 (RLIN) | 486 |
| 650 ## - SUBJECT ADDED ENTRY--TOPICAL TERM | |
| Topical term or geographic name entry element | Stock Brokers |
| 9 (RLIN) | 487 |
| 700 ## - ADDED ENTRY--PERSONAL NAME | |
| Personal name | BASU (Debashis);DALAL (Sucheta) |
| 9 (RLIN) | 488 |
| 942 ## - ADDED ENTRY ELEMENTS (KOHA) | |
| Source of classification or shelving scheme | Dewey Decimal Classification |
| Koha item type | George Fernandes Collections |
| Withdrawn status | Lost status | Source of classification or shelving scheme | Damaged status | Not for loan | Collection code | Home library | Current library | Date acquired | Cost, normal purchase price | Total Checkouts | Full call number | Barcode | Date last seen | Uniform Resource Identifier | Cost, replacement price | Price effective from | Koha item type |
|---|---|---|---|---|---|---|---|---|---|---|---|---|---|---|---|---|---|
| Dewey Decimal Classification | Social Work | St Aloysius Library | St Aloysius Library | 03/24/2013 | 0.00 | 364.168 BASS | GF01511 | 09/28/2021 | https://www.ebooknetworking.net/ebooks/the-scam-who-won-who-lost-who-got-away-sucheta.html | 0.00 | 03/24/2013 | George Fernandes Collections |